K-SADS-PL 2013 working draft screen interview: Translation and cross-cultural adaptation/ (Record no. 342232)

000 -LEADER
fixed length control field 00591nam a22001937a 4500
003 - CONTROL NUMBER IDENTIFIER
control field NUST
005 - DATE AND TIME OF LATEST TRANSACTION
control field 20250708163703.0
008 - FIXED-LENGTH DATA ELEMENTS--GENERAL INFORMATION
fixed length control field 171214b xxu||||| |||| 00| 0 eng d
040 ## - CATALOGING SOURCE
Transcribing agency 0
082 ## - DEWEY DECIMAL CLASSIFICATION NUMBER
Classification number 200
100 ## - MAIN ENTRY--PERSONAL NAME
Relator code Ejaz Amnah
245 ## - TITLE STATEMENT
Title K-SADS-PL 2013 working draft screen interview: Translation and cross-cultural adaptation/
Statement of responsibility, etc. Amnah Ejaz
260 ## - PUBLICATION, DISTRIBUTION, ETC.
Place of publication, distribution, etc. Islamabad:
Name of publisher, distributor, etc. S3H NUST.
Date of publication, distribution, etc. 2017.
300 ## - PHYSICAL DESCRIPTION
Extent 208p
654 ## - SUBJECT ADDED ENTRY--FACETED TOPICAL TERMS
General subdivision MS-Behavioral Sciences
700 ## - ADDED ENTRY--PERSONAL NAME
Personal name Supervisor Dr. Tamkeen Malik
9 (RLIN) 127926
856 ## - ELECTRONIC LOCATION AND ACCESS
Uniform Resource Identifier <a href="http://10.250.8.41:8080/xmlui/handle/123456789/3701">http://10.250.8.41:8080/xmlui/handle/123456789/3701</a>
942 ## - ADDED ENTRY ELEMENTS (KOHA)
Source of classification or shelving scheme
Koha item type Soft Copy
Holdings
Withdrawn status Lost status Source of classification or shelving scheme Damaged status Not for loan Permanent Location Current Location Shelving location Date acquired Full call number Barcode Date last seen Price effective from Koha item type
          Central Library (CL) Central Library (CL) Research Methods 02/20/2020 200 CL-T-5185 02/20/2020 02/20/2020 Soft Copy
© 2023 Central Library, National University of Sciences and Technology. All Rights Reserved.